Introducción al derecho (Registro nro. 1822)

Detalles MARC
000 -LEADER
fixed length control field 02247 a2200253 4500
001 - CONTROL NUMBER
control field 29270
005 - DATE AND TIME OF LATEST TRANSACTION
control field 20260407155601.0
008 - FIXED-LENGTH DATA ELEMENTS--GENERAL INFORMATION
fixed length control field 260407a1984 arg spa d
003 - CONTROL NUMBER IDENTIFIER
control field AR-UNSa-BCEJYS
040 ## - CATALOGING SOURCE
Original cataloging agency AR-UNSa-BCEJYS
Language of cataloging spa
Transcribing agency AR-UNSa-BCEJYS
080 ## - UNIVERSAL DECIMAL CLASSIFICATION NUMBER
Universal Decimal Classification number 340
Common auxiliary subdivision Derecho. Generalidades. Propedéutica. Métodos y ciencias auxiliares del derecho
020 ## - INTERNATIONAL STANDARD BOOK NUMBER
International Standard Book Number 950-20-0238-5
041 ## - LANGUAGE CODE
Language code of text/sound track or separate title spa
100 1# - MAIN ENTRY--PERSONAL NAME
Personal name Aftalion, Enrique R.
245 10 - TITLE STATEMENT
Title Introducción al derecho
Name of part/section of a work nociones preliminares, teoría general, enciclopedia jurídica, historia de las ideas
250 ## - EDITION STATEMENT
Edition statement 12a. ed.
264 #1 - PRODUCTION, PUBLICATION, DISTRIBUTION, MANUFACTURE, AND COPYRIGHT NOTICE
Place of production, publication, distribution, manufacture Buenos Aires :
Name of producer, publisher, distributor, manufacturer Abeledo Perrot
Date of production, publication, distribution, manufacture, or copyright notice 1984
300 ## - PHYSICAL DESCRIPTION
Extent 893 p.
Dimensions 23 cm.
505 ## - FORMATTED CONTENTS NOTE
Formatted contents note 1. El conocimiento científico y filosófico. Los objetos y su clasificación. Los objetos de cultura. La conducta y los valores - 2. Objeto y método del conocimiento jurídico - 3. Disciplinas que estudian el fenómeno jurídico - 4. Las normas jurídicas - 5. El comportamiento humano (conducta) y su regulación normativa: técnica y ética. Derecho y moral - 6. La valoración jurídica. La justicia - 7. Los conceptos jurídicos fundamentales. La positividad - 8. El ordenamiento jurídico - 9. Derecho subjetivo - 10. Las fuentes del derecho. La Ley - 11. Las fuentes del derecho en particular (cont.). La costumbre y la jurisprudencia - 12. Transformaciones temporales del derecho. La técnica jurídica - 13. El método jurídico y el problema de la interpretación - 14. Aplicación de la Ley en relación al territorio y al tiempo - 15. Derecho público y privado. Las ramas del derecho. El derecho internacional público. El derecho internacional privado - 16. Derecho político. Derecho constitucional. Derecho Administrativo. Derecho financiero - 17. El derecho penal. El derecho canónico - 18. Derecho civil y comercial - 19. Derecho social, derecho rural o agrario y derecho de minería - 20. Derecho procesal - 21. Historia del pensamiento juridico occidental hasta el siglo XIX - 22. Historia del pensamiento jurídico occidental (continuación) - 23. Historia del pensamiento jurídico occidental (continuación)
590 ## - LOCAL NOTE (RLIN)
Local note niveau_biblio:m niveau_hierar:0
700 1# - ADDED ENTRY--PERSONAL NAME
Personal name García Olano, Fernando
700 1# - ADDED ENTRY--PERSONAL NAME
Personal name Vilanova, José
942 ## - ADDED ENTRY ELEMENTS (KOHA)
Koha item type
Existencias
Withdrawn status Lost status Damaged status Not for loan Home library Current library Shelving location Date acquired Total checkouts Full call number Barcode Date last seen Price effective from Koha item type
        Biblioteca Prof. Eusebio Cleto del Rey Biblioteca Prof. Eusebio Cleto del Rey   07/04/2026   340 A258 12ed. L39174 07/04/2026 07/04/2026 Libro
        Biblioteca Prof. Eusebio Cleto del Rey Biblioteca Prof. Eusebio Cleto del Rey   07/04/2026   340 A258 12ed. L39170 07/04/2026 07/04/2026 Libro
        Biblioteca Prof. Eusebio Cleto del Rey Biblioteca Prof. Eusebio Cleto del Rey   07/04/2026   340 A258 12ed. L39171 07/04/2026 07/04/2026 Libro
        Biblioteca Prof. Eusebio Cleto del Rey Biblioteca Prof. Eusebio Cleto del Rey   07/04/2026   340 A258 12ed. L39175 07/04/2026 07/04/2026 Libro
        Biblioteca Prof. Eusebio Cleto del Rey Biblioteca Prof. Eusebio Cleto del Rey   07/04/2026   340 A258 12ed. L39172 07/04/2026 07/04/2026 Libro